| 000 | 00521nam a2200181Ia 4500 | ||
|---|---|---|---|
| 999 |
_c12421 _d12421 |
||
| 003 | OSt | ||
| 005 | 20201005104929.0 | ||
| 008 | 190216s9999||||xx |||||||||||||| ||und|| | ||
| 022 | _a435221205 | ||
| 040 | _coclc | ||
| 082 |
_a822.912 _bBRI/H |
||
| 100 |
_aBrighouse, Harold _94776 |
||
| 245 | 0 |
_aHobson`s Choice / _cHarold Brighouse |
|
| 260 |
_bHeinemann Educational Books Ltd, _c1964, _aLondon: |
||
| 300 | _a83p | ||
| 650 | _aEnglish Drama | ||
| 942 |
_cBK _2ddc _h822.912 _iBRI/H _k822.912 _mBRI/H |
||